000 00719nam a2200289 a 4500
003 AR-BaBNM
005 20251128203327.0
008 082120s2002 ||||||||||||||000 | spa||
040 _cAR-BaBNM
100 1 _aMann, Thomas
245 0 0 _aLos diez mandamientos de Moisés
260 _aBuenos Aires
_bSiglo Veinte
_c1959
300 _a75 p.
650 4 _aLITERATURA ALEMANA
650 4 _aHISTORIA DE LAS RELIGIONES
650 4 _aHISTORIA ANTIGUA
650 4 _aJUDAISMO
650 4 _aTEOLOGIA
650 4 _aRELIGION
650 4 _aFILOSOFIA DEL ESPIRITU
650 4 _aJUDIOS
650 4 _aBIOGRAFIAS
655 _aLITERATURA
700 1 _aSchiaffino, Raúl
_etraductor
942 _cBK
998 _cMARTIN
999 _c2914
_d2914